Marea alta /
Guardado en:
| Autor Principal: | |
|---|---|
| Formato: | Libro |
| Publicado: |
Buenos Aires :
Último reino,
2003
|
| Materias: | |
| Etiquetas: |
Agregar Etiqueta
Sin Etiquetas, Sea el primero en etiquetar este registro!
|
| LEADER | 00641nam a22002295a 4500 | ||
|---|---|---|---|
| 001 | CEM.cems012294 | ||
| 005 | 20101202110841.0 | ||
| 008 | 130507s2003##################000#0#####d | ||
| 003 | CEMS | ||
| 020 | |a 9508041277 | ||
| 082 | 0 | 4 | |a A863.4 |
| 100 | 1 | |a Itchart, Mirta Graciela | |
| 245 | 1 | 0 | |a Marea alta / |c Mirta Graciela Itchart |
| 260 | |a Buenos Aires : |b Último reino, |c 2003 | ||
| 300 | |a 86 p. | ||
| 500 | |a Escritora bahiense | ||
| 653 | |a Literatura | ||
| 653 | |a Literatura argentina | ||
| 653 | |a Cuentos | ||
| 653 | |a Cuentos argentinos | ||
| 653 | |a Escritores bahienses | ||
| 859 | |a CEMS |b BIB. CEMS - 11 de abril |h A863.4 |i It1 |p 22477.04 |t Ej.1 | ||
